Portrait of a President (Record no. 33677)
[ view plain ]
| 000 -LEADER | |
|---|---|
| fixed length control field | 003640000a22001450004500 |
| 003 - CONTROL NUMBER IDENTIFIER | |
| control field | MACL |
| 040 ## - CATALOGING SOURCE | |
| Original cataloging agency | MACL |
| 090 ## - LOCALLY ASSIGNED LC-TYPE CALL NUMBER (OCLC); LOCAL CALL NUMBER (RLIN) | |
| -- | 34035 |
| -- | 34033 |
| 100 ## - MAIN ENTRY--PERSONAL NAME | |
| Personal name | Darbar, Gyanvati |
| 245 ## - TITLE STATEMENT | |
| Title | Portrait of a President |
| Remainder of title | Letters of Dr Rajendra Prasad volume 2 |
| 260 ## - PUBLICATION, DISTRIBUTION, ETC. (IMPRINT) | |
| Name of publisher, distributor, etc. | Vikas Publishing House |
| Date of publication, distribution, etc. | 1976 |
| 650 ## - SUBJECT ADDED ENTRY--TOPICAL TERM | |
| Topical term or geographic name as entry element | Letters |
| 942 ## - ADDED ENTRY ELEMENTS (KOHA) | |
| Koha item type | Library Membar |
| Call number prefix | 826/DAR |
| 951 ## - EQUIVALENCE OR CROSS-REFERENCE--GEOGRAPHIC NAME/AREA NAME [OBSOLETE] [CAN/MARC only] | |
| -- | 826/DAR BOOK |
No items available.









